00413cam a2200157ua 45000010005000000080039000050400009000440820008000531000028000612450045000892500009001342600035001433000017001786530031001957000029002265214120303n ii |||gr||||Z||||||eng cMAIN a811 aFrost, Robert,eAuthor,11aA study of select poemscby Robert Frost a4th. aBareilly:bPrakash book depot. a176p:c23cm. aAmerican poetry in English aDwivedi, A. N.,eEditor,